000 00686cam a2200241 4500
001 34176
005 20230410115408.0
008 701023s1970 maua bs 001 0 eng
035 _9(DLC) 74129154
035 _a1263482
010 _a74129154
040 _aDLC
_cDLC
_dDLC
050 1 4 _aHD 3611
_bB595i 1970
082 0 0 _a338.9
100 1 _aBilkey, Warren J.,
_d1920-
245 1 0 _aIndustrial stimulation /
_c[by] Warren J. Bilkey.
260 _aLexington, Mass. :
_bHeath Lexington Books,
_c[1970]
300 _axiii, 276 p.
_billus.
_c24 cm.
504 _aBibliography: p. [229]-265.
650 0 _aIndustrial policy.
650 0 _aIndustrial promotion.
942 _2lcc
_cbk
999 _c40313
_d40313